000 00322nam a22001337a 4500
008 170609b xxu||||| |||| 00| 0 eng d
020 _a393003418
041 _aeng
080 _a328
100 _a19
101 _aSHP
245 _aNOMINATING THE PRESIDENT THE POLITICS OF CONVENTION CHOICE
_cPOMPER,G
942 _2udc
_cBK
999 _c16738
_d16738